[Event "NOR-chT Elite 2223"]
[Site "Norway"]
[Date "2022.11.11"]
[Round "1.45"]
[White "Ranaldi, Lucas"]
[Black "Sandstad, Linus"]
[Result "1/2-1/2"]
[WhiteElo "2366"]
[BlackElo "1878"]
[PlyCount "138"]
[EventDate "2022.11.11"]
[EventType "team-tourn"]
[EventRounds "9"]
[EventCountry "NOR"]
[SourceTitle "CBM 211 Extra"]
[Source "ChessBase"]
[SourceDate "2023.01.31"]
[SourceVersion "1"]
[SourceVersionDate "2023.01.31"]
[SourceQuality "1"]
[WhiteTeam "Offerspill"]
[BlackTeam "Hell"]
[WhiteTeamCountry "NOR"]
[BlackTeamCountry "NOR"]

1. Nf3 d5 2. d4 Nf6 3. c4 dxc4 4. e3 e6 5. Bxc4 c5 6. 0-0 a6 7. a3 cxd4 8. exd4 Be7 9. Bg5 0-0 10. Nc3 b5 11. Ba2 Bb7 12. Qe2 Nbd7 13. Rad1 Nb6 14. Bb1 h6 15. Bxf6 Bxf6 16. Ne5 Bxe5 17. dxe5 Qc7 18. Qd3 g6 19. Qe3 Nc4 20. Qxh6 Nxb2 21. Rd4 Qxe5 22. Rg4 Qg7 23. Qh3 Rac8 24. Ne2 e5 25. Ng3 Rc3 26. Qh4 Bc8 27. Nh5 Qh6 28. Nf6+ Kg7 29. Nh5+ Kg8 30. Rg5 Rc4 31. Qg3 Rc6 32. Qxe5 Nc4 33. Qg3 Nd2 34. Re1 Nxb1 35. Rxb1 Kh7 36. Qe5 f6 37. Qe7+ Kg8 38. Rd5 Rc1+ 39. Rd1 Rxd1+ 40. Rxd1 Qxh5 41. Rd8 Rxd8 42. Qxd8+ Kg7 43. Qe7+ Kh6 44. Qf8+ Kh7 45. Qf7+ Kh6 46. Qf8+ Kg5 47. h4+ Qxh4 48. Qxc8 Qa4 49. Qc5+ Kh6 50. Qf8+ Kh7 51. Qf7+ Kh6 52. Qxf6 Qxa3 53. f4 Qc1+ 54. Kh2 Qc8 55. Kg3 Qe8 56. Qxa6 Qe1+ 57. Kg4 Qd1+ 58. Kh4 Qh1+ 59. Kg3 Qe1+ 60. Kf3 Qf1+ 61. Ke3 Qg1+ 62. Kf3 Qf1+ 63. Ke3 Qg1+ 64. Kf3 Qf1+ 65. Kg3 Qe1+ 66. Kh2 Qh4+ 67. Kg1 Qe1+ 68. Kh2 Qh4+ 69. Kg1 Qe1+ 1/2-1/2

[Event "Ostersund Storsjodraget op"]
[Site "Ostersund"]
[Date "2019.06.15"]
[Round "5"]
[White "Sandstad, Linus"]
[Black "Roulet Dubonnet, Emerik Vapenstad"]
[Result "0-1"]
[WhiteElo "1358"]
[BlackElo "1509"]
[PlyCount "22"]
[EventDate "2019.06.14"]
[EventType "swiss"]
[EventRounds "7"]
[EventCountry "SWE"]
[SourceTitle "CBM 192 Extra"]
[Source "Chessbase"]
[SourceDate "2019.11.06"]
[SourceVersion "1"]
[SourceVersionDate "2019.11.06"]
[SourceQuality "1"]

1. e4 e6 2. d4 d5 3. Nc3 Nf6 4. Bg5 Be7 5. e5 Nfd7 6. Bxe7 Qxe7 7. f4 a6 8. Nf3 c5 9. Be2 Nc6 10. 0-0 cxd4 11. Nxd4 Qc5 0-1